La vie catholique dans la France contemporaine... / (Record no. 125471)
[ view plain ]
| 000 -LEADER | |
|---|---|
| campo de control de longitud fija | 00997nam a2200205 i 4500 |
| 001 - NÚMERO DE CONTROL | |
| campo de control | 125471 |
| 003 - IDENTIFICADOR DE NÚMERO DE CONTROL | |
| campo de control | ES-MaACL |
| 005 - FECHA Y HORA DE LA ÚLTIMA TRANSACCIÓN | |
| campo de control | 20250828130310.0 |
| 007 - CAMPO FIJO DE DESCRIPCIÓN FÍSICA--INFORMACIÓN GENERAL | |
| campo de control de longitud fija | t| |
| 008 - DATOS DE LONGITUD FIJA--INFORMACIÓN GENERAL | |
| campo de control de longitud fija | 070613s1918 fr |||| | fre d |
| 080 ## - NÚMERO DE LA CLASIFICACIÓN DECIMAL UNIVERSAL | |
| Número de la Clasificación Decimal Universal | 27(44)"19" |
| 245 03 - MENCIÓN DEL TÍTULO | |
| Título | La vie catholique dans la France contemporaine... / |
| Mención de responsabilidad, etc. | publication du Comité catholique de propagande française áa l'étranger. |
| 260 ## - PUBLICACIÓN, DISTRIBUCIÓN, ETC. | |
| Lugar de publicación, distribución, etc. | Paris : |
| Nombre del editor, distribuidor, etc. | Bloud & Gay, |
| Fecha de publicación, distribución, etc. | 1918. |
| 300 ## - DESCRIPCIÓN FÍSICA | |
| Extensión | XVI, 529 p. ; |
| Dimensiones | 20 cm. |
| 505 8# - NOTA DE CONTENIDO CON FORMATO | |
| Nota de contenido con formato | Contiene: Préface de Mgr. A. Baudrillart.- Tissier, J.M. La vie religieuse.- Lamy, É. La famille.- Joly, H. Le mouvement social catholique.-Grandmaison, [L.] de. Les sciences religieuses.- Michelet, G. La renaissance de la philosophie chrétienne.- Strowski, F. La littérature.- Cochin, H. L'art chrétien sur les confins des XIXe et XXe siècles |
| 651 ## - PUNTO DE ACCESO ADICIONAL DE MATERIA--NOMBRE GEOGRÁFICO | |
| Nombre geográfico | Francia- |
| Subdivisión general | Historia eclesiástica. |
| 9 (RLIN) | 153886 |
| 700 1# - ENTRADA AGREGADA--NOMBRE PERSONAL | |
| Nombre de persona | Baudrillart, Alfred, |
| Fechas asociadas al nombre | 1859-1942 |
| 9 (RLIN) | 26535 |
| 852 ## - LOCALIZACIÓN | |
| Ubicación | ES-MaACL |
| Número de control de estantería | F-5831 |
| Estatus retirado | Estado de pérdida | Estado de daño | No para préstamo | Biblioteca de origen | Biblioteca actual | Ubicación en estantería | Fecha de adquisición | Fuente de adquisición | Total de préstamos | Signatura topográfica completa | Código de barras | Visto por última vez | Precio de reemplazo | Tipo de ítem Koha |
|---|---|---|---|---|---|---|---|---|---|---|---|---|---|---|
| Biblioteca del Ateneo de Madrid | Biblioteca del Ateneo de Madrid | Depósito 2 | 17/01/2008 | F-5831 | 1130709 | 23/02/2023 | 23/02/2023 | Libro impreso |
